| Tag |
First Indicator |
Second Indicator |
Subfields |
| LEADER |
00000cam a2200000 4500 |
| 001 |
in00000029657 |
| 005 |
20151007062859.0 |
| 008 |
761201s1952 enk b 00000 eng |
| 010 |
|
|
|a 52014076
|
| 035 |
|
|
|a (OCoLC)02587802
|
| 035 |
|
|
|9 AAD6011AM
|
| 040 |
|
|
|a DLC
|c CSU
|d TXA
|d UtOrBLW
|
| 041 |
0 |
|
|a eng
|a gem
|
| 049 |
|
|
|a TXAM
|c [215642]
|
| 050 |
0 |
0 |
|a PR2065.A14
|b C5
|
| 082 |
0 |
|
|a 821.1
|
| 092 |
|
|
|a 821.04
|b C556b
|
| 100 |
1 |
|
|a Christophersen, Paul.
|
| 245 |
1 |
4 |
|a The ballad of Sir Aldingar :
|b its origin and analogues.
|
| 264 |
|
1 |
|a Oxford :
|b Clarendon Press,
|c 1952.
|
| 300 |
|
|
|a ix, 258 pages ;
|c 23 cm.
|
| 336 |
|
|
|a text
|b txt
|2 rdacontent
|
| 337 |
|
|
|a unmediated
|b n
|2 rdamedia
|
| 338 |
|
|
|a volume
|b nc
|2 rdacarrier
|
| 500 |
|
|
|a Includes text of British and Scandinavian versions, with translations of the Scandinavian.
|
| 504 |
|
|
|a Bibliography: pages [237]-249.
|
| 630 |
0 |
0 |
|a Sir Aldingar (Ballad)
|
| 999 |
|
|
|a MARS
|
| 999 |
f |
f |
|s 4721bcd6-91c2-33d5-9745-e892d46272f2
|i 4cef025a-67af-3a3b-826d-fc8298d27d7e
|t 0
|
| 952 |
f |
f |
|p ric
|a Texas A&M University
|b Rellis Campus
|c Joint Library Facility
|d Remote Storage
|t 0
|e PR2065.A14 C5
|h Library of Congress classification
|i unmediated -- volume
|m A14811175417
|
| 998 |
f |
f |
|a PR2065.A14 C5
|t 0
|l Remote Storage
|